Sentido y forma de "Los trabajos de Persiles y Sigismunda" / (Record no. 41467)

MARC details
000 -LEADER
campo de control de longitud fija 00648nam a2200181 i 4500
001 - NÚMERO DE CONTROL
campo de control 41467
003 - IDENTIFICADOR DE NÚMERO DE CONTROL
campo de control ES-MaACL
005 - FECHA Y HORA DE LA ÚLTIMA TRANSACCIÓN
campo de control 20240222171229.0
007 - CAMPO FIJO DE DESCRIPCIÓN FÍSICA--INFORMACIÓN GENERAL
campo de control de longitud fija t|
008 - DATOS DE LONGITUD FIJA--INFORMACIÓN GENERAL
campo de control de longitud fija 030310s1947 ag ||||1| spa d
100 1# - ENTRADA PRINCIPAL--NOMBRE DE PERSONA
Nombre de persona Casalduero, Joaquín,
Fechas asociadas al nombre 1903-1990
9 (RLIN) 36063
245 10 - MENCIÓN DEL TÍTULO
Título Sentido y forma de "Los trabajos de Persiles y Sigismunda" /
Mención de responsabilidad, etc. Joaquín Casalduero.
260 ## - PUBLICACIÓN, DISTRIBUCIÓN, ETC.
Lugar de publicación, distribución, etc. Buenos Aires :
Nombre del editor, distribuidor, etc. Edit. Sudamericana,
Fecha de publicación, distribución, etc. 1947 (
Fabricante Impresora Argentina)
300 ## - DESCRIPCIÓN FÍSICA
Extensión 289 p. ;
Dimensiones 21 cm.
600 17 - PUNTO DE ACCESO ADICIONAL DE MATERIA--NOMBRE DE PERSONA
Nombre de persona Cervantes Saavedra, Miguel de,
Fechas asociadas al nombre 1547-1616.
Título de la obra Los trabajos de Persiles y Sigismunda
Fuente del encabezamiento o término
9 (RLIN) 157465
852 ## - LOCALIZACIÓN
Ubicación ES-MaACL
Número de control de estantería D-5597
Sublocalización o colección R.27244
Holdings
Estatus retirado Estado de pérdida Estado de daño No para préstamo Biblioteca de origen Biblioteca actual Ubicación en estantería Fecha de adquisición Fuente de adquisición Total de préstamos Signatura topográfica completa Código de barras Visto por última vez Precio de reemplazo Tipo de ítem Koha
        Biblioteca del Ateneo de Madrid Biblioteca del Ateneo de Madrid Sala Valle Inclán 17/01/2008     D-5597 901043654 23/02/2023 23/02/2023 Libro impreso